Brasilian naapurimaat - Statistics

Yleistilastot
  • Tätä visaa on pelattu 2 054 kertaa
  • Keskiarvotulos 9 / 10
Vastaustilastot
Rajan pituus Valtio % Oikein
1 261 km Argentiina
98%
1 068 km Uruguay
95%
1 644 km Kolumbia
94%
1 365 km Paraguay
94%
2 995 km Peru
93%
2 200 km Venezuela
93%
3 423 km Bolivia
91%
593 km Suriname
85%
1 606 km Guyana
84%
730 km Ranska (Ranskan Guayana)
77%
Ehtoja vastaavia visoja ei löytynyt
Tulosjakauma
Jokaisen tuloksen saaneiden osuus
Persentiili vastausten määrän mukaan
Tuloshistoriasi
Et ole pelannut tätä visaa